000 00660nam a2200229 a 4500
005 20140310183513.0
008 101005s19uu xx 00 eng d
050 _aRG 951
_b.P637 2010
100 _aPilliteri, Adele
245 0 _aMaternal & child health nursing :
_bcare of the childbearing & childrearing family /
250 _a6th ed.
260 _aPhiladelphia :
_bLippincott Williams & Wilkins,
_c2010.
300 _a1178 p. :
_bill. ;
_c26 cm.
521 _aNUR
650 _aMaternity nursing.
650 _aPediatric nursing.
650 _aFamily health.
942 _cBK
_2lcc
_kFOR
999 _c24224
_d24224